Liga Mistrzów 23/24 - Statystyki

Ogólne statystyki
  • Ten quiz został rozwiązany 40 razy
  • Średni wynik to 17 z 32
Statystyki odpowiedzi
Hint Odpowiedź % Poprawnych
C Real Madryt
91%
H Barcelona
86%
A Manchester United
83%
A Bayern Monachium
80%
G Manchester City
77%
F PSG
77%
F Borussia Dortmund
74%
F AC Milan
71%
D Inter Mediolan
71%
B Arsenal
69%
E Atletico Madryt
63%
A FC Kopenhaga
60%
A Galatasaray
60%
G RB Lipsk
57%
H FC Porto
54%
C Napoli
54%
B Sevilla
51%
F Newcastle United
49%
H Szachtar Donieck
40%
D Benfica Lizbona
37%
E Lazio Rzym
37%
B Lens
37%
B PSV
37%
H Antwerp
34%
G Crvena Zvezda
34%
D Real Sociedad
34%
G Young Boys
34%
E Feyenoord
31%
C Braga
29%
E Celtic Glasgow
29%
C Union Berlin
29%
D FC Salzburg
6%
Nie znaleziono quizów pasujących do podanych kryteriów
Rozkład punktacji
Procent ludzi z każdym wynikiem
Percentyl według liczby udzielonych odpowiedzi
Twoja historia wyników
Nie rozwiązałeś tego quizu